Online Catalogue and eLibrary

In the absence of their men : (Record no. 143)

MARC details
000 -LEADER
fixed length control field 00767pam a2200229 a 4500
001 - CONTROL NUMBER
control field 1577476
005 - DATE AND TIME OF LATEST TRANSACTION
control field 20231205004224.0
008 - FIXED-LENGTH DATA ELEMENTS--GENERAL INFORMATION
fixed length control field 930603s1993 ii b 001 0 eng
020 ## - INTERNATIONAL STANDARD BOOK NUMBER
ISBN 8170363543
020 ## - INTERNATIONAL STANDARD BOOK NUMBER
ISBN 0803991282 (U.S. : hbk)
040 ## - CATALOGING SOURCE (பட்டியலாக்க மூலம்)
Original cataloging agency DLC
Transcribing agency DLC
Modifying agency DLC
082 00 - DDC Classification
Class No. 305.42/0954/83
DDC Edition Number 20
Item Number - Author Mark LEE.
100 1# - MAIN ENTRY--PERSONAL NAME
Personal name Gulati, Leela.
245 10 - TITLE STATEMENT
Title In the absence of their men :
Remainder of title the impact of male migration on women /
Statement of responsibility, etc. Leela Gulati.
260 ## - PUBLICATION, DISTRIBUTION, ETC.
Place of publication, distribution, etc. New Delhi ;
-- Thousand Oaks, Calif. :
Name of publisher, distributor, etc. Sage Publications,
Date of publication, distribution, etc. 1993.
300 ## - PHYSICAL DESCRIPTION
Extent (e.g. Volumes, Pages etc.) 174 p. ;
650 #0 - SUBJECT ADDED ENTRY--TOPICAL TERM
Topical term or geographic name entry element Women heads of households
650 #0 - SUBJECT ADDED ENTRY--TOPICAL TERM
Topical term or geographic name entry element Women
856 42 - ELECTRONIC LOCATION AND ACCESS
Uniform Resource Identifier <a href="http://www.loc.gov/catdir/enhancements/fy0657/93005204-d.html">http://www.loc.gov/catdir/enhancements/fy0657/93005204-d.html</a>
856 41 - ELECTRONIC LOCATION AND ACCESS
Uniform Resource Identifier <a href="http://www.loc.gov/catdir/enhancements/fy0657/93005204-t.html">http://www.loc.gov/catdir/enhancements/fy0657/93005204-t.html</a>
942 ## - Koha item type (Biblio)
Koha item type Books in Stacks (Lending)
Holdings
Lost status Damaged status Collection code Home library Current library Date acquired Full call number Accession Number Item type
    Lending WERC Library WERC Library 12/05/2023 305.42/0954/83 LEE. 2213 Books in Stacks (Lending)

© WERC Library